000 00762nam a2200253 c 4500
003 BLK
005 20190913121236.0
008 180911b bul|||||r ||||||| ||bul||
010 _a002984
040 _aBLK
041 _aGRE
_cDEU
080 _z801.323.2=744=30
100 1 _aPETRARIS, K.
_eпърви автор
245 0 0 _aTaschenworterbuch der neugriechischen und deutschen Sprache
260 _aLeipzig
_bOtto Holtze
_c1897
300 _a430 с
_c14 см
380 _a80
490 _aЧастна колекция - Академик Михаил Арнаудов
_gДарение - Основен фонд
650 _aЕзици
655 _aЕзикознание
700 1 _aK. Petraris
852 _aМА 1012
942 _cKNG
_n0
944 _aCR
_c1996
_kValK
999 _c343323
_d343323